Toutes les stars qui ont participé à Danse avec les Stars - Statistiques

Statistiques générales
  • Ce quiz a été pris 113 fois
  • Le résultat moyen est 78 sur 155
Statistiques - réponses
Saison de participation Indice Star % Correct
Saison 11 Youtubeur Michou
91%
Saison 1 Chanteur M Pokora
91%
Saison 14 Aventurier Claude
88%
Saison 14 Animateur/Journaliste sportif Nelson Monfort
86%
Saison 2 Chanteuse Shy'm
85%
Saison 14 Nageur Florent Manaudou
83%
Saison 14 Chanteuse Lenie
82%
Saison 14 Footballeur Adil Rami
80%
Saison 14 Animatrice Sophie Davant
79%
Saison 14 Miss France Eve Gilles
77%
Saison 13 Chanteuse Natasha St Pier
77%
Saison 14 Footballeur Franck Leboeuf
76%
Saison 9 Miss France Iris Mittenaere
76%
Saison 13 Humoriste Ines Reg
74%
Saison 11 Chanteur Tayc
74%
Saison 7 Aventurier Laurent Maistret
73%
DALSI Youtubeuse Natoo
73%
Saison 4 Chanteuse Alizée
71%
Saison 14 Chanteur Jungeli
70%
Saison 12 Miss France Amandine Petit
68%
Saison 11 Chanteur Bilal Hassani
68%
Saison 8 Nageur Camille Lacourt
68%
Saison 14 Actrice Charlotte de Turckheim
68%
Saison 3 Chanteur Emmanuel Moire
68%
Saison 9 Acteur Clément Rémiens
67%
Saison 14 Actrice Mayane
67%
Saison 14 Chanteuse Julie Zenatti
65%
Saison 5 Acteur Rayane Bensetti
65%
Saison 13 Miss France Diane Leyre
64%
Saison 6 Youtubeuse EnjoyPhoenix
64%
Saison 6 Chanteur Loic Nottet
64%
Saison 4 Breakdance Brahim Zaibat
62%
Saison 7 Humoriste Artus
61%
Saison 12 Judoka David Douillet
61%
Saison 8 Chroniqueuse Hapsatou Sy
61%
Saison 13 Drag Queen Keiona
61%
Saison 13 Influenceur Nico Capone
61%
Saison 4 Chanteuse Tal
61%
Saison 8 Présentatrice météo Tatiana Silva
61%
Saison 11 Miss France Vaimalama Chaves
61%
Saison 8 Acteur Augustin Galiana
59%
Saison 12 Chanteur Billy Crawford
59%
Saison 7 Actrice Camille Lou
59%
Saison 9 Mannequin/Blogueuse Carla Ginola
59%
Saison 10 Animatrice/Actrice pour adultes Clara Morgane
59%
DALSI Streameur Domingo
59%
Saison 5 Danseuse sur glace Nathalie Péchalat
59%
Saison 7 Miss France Sylvie Tellier
59%
Saison 3 Chanteuse Amel Bent
58%
Saison 12 Aventurière Clémence
58%
Saison 2 Patineur artistique Philippe Candeloro
58%
Saison 13 Humoriste Roman Doduik
58%
Saison 3 Athlète Taig Khris
58%
Saison 9 Rugbyman Vincent Moscato
58%
DALSI Streameuse Baghera Jones
56%
Saison 12 Humoriste Florent Peyre
56%
Saison 1 Chanteuse/Actrice Sofia Essaidi
56%
Saison 10 Commentateur sportif Yoann Riou
56%
Saison 13 Chanteur Black M
55%
Saison 13 Femme d'affaires Caroline Margeridon
55%
Saison 11 Danseuse érotique Dita Von Teese
55%
Saison 7 Animatrice Karine Ferri
55%
Saison 4 Miss France Laury Thilleman
55%
Saison 12 Influenceuse Léa Elui
55%
Saison 1 Footballeur David Ginola
53%
DALSI Influenceuse Gaëlle Garcia Diaz
53%
DALSI Youtubeur Lebouseuh
53%
Saison 7 Secret Story/Les Anges Caroline Receveur
52%
Saison 8 Miss France Élodie Gossuin
52%
Saison 10 Athlète Ladji Doucouré
52%
Saison 2 Manequin Baptiste Giabiconi
50%
Saison 12 Chanteuse Carla Lazzari
50%
Saison 13 Acteur James Denton
50%
Saison 8 Chanteur Lenni-Kim
50%
Saison 9 Actrice Pamela Anderson
50%
Saison 10 Nageur Sami El Gueddari
50%
Saison 2 Miss France Valérie Bègue
50%
Saison 6 Imitatrice Véronic Dicaire
50%
Saison 13 Chanteuse Coeur de pirate
48%
Saison 6 Footballeur Djibril Cissé
48%
Saison 1 Humoriste Jean-Marie Bigard
48%
Saison 10 Aventurier Moundir
48%
Saison 4 Acteur Laurent Ournac
47%
Saison 11 Humoriste Lola Dubini
47%
Saison 1 Actrice Rossy de Palma
47%
Saison 11 Manequin Aurélie Pons
45%
Saison 9 Footballeur Basile Boli
45%
Saison 8 Actrice Joy Esther
45%
Saison 7 Magicien Kamel le magicien
45%
Saison 11 Chanteuse Laam
45%
Saison 3 Escrimeuse Laura Flessel
45%
Saison 10 Miss France Linda Hardy
45%
Saison 3 Chanteuse Lorie
45%
Saison 7 Animatrice Valérie Damidot
45%
Saison 8 Animateur Vincent Cerutti
45%
Saison 5 Patineur artistique Brian Joubert
44%
Saison 13 Animatrice Cristina Cordula
44%
Saison 12 Chanteuse Eva Queen
44%
Saison 6 Actrice Fabienne Carat
44%
Saison 11 Aventurier Moussa
44%
Saison 12 Acteur Thomas Da Costa
44%
Saison 11 Chanteuse Wejdene
44%
Saison 10 Influenceur Hugo Philip
42%
Saison 7 Animateur Julien Lepers
42%
Saison 6 Chanteuse Priscilla Betti
42%
Saison 9 Acteur Terence Telle
42%
Saison 11 Humoriste Geremy Credeville
41%
Saison 4 Actrice Laetitia Milot
41%
Saison 6 1ère dauphine miss France Sophie Vouzelaud
41%
Saison 12 Chanteur/Manequin Stéphane Legar
41%
Saison 1 Manequin Adriana Karembeu
39%
Saison 1 Auteur compositeur André Manoukian
39%
Saison 12 Chanteuse Anggun
39%
Saison 4 Chanteur Keen'V
39%
Saison 6 Chanteur Olivier Dion
39%
Saison 9 Actrice Héloïse Martin
38%
Saison 10 Chanteuse Liane Foly
38%
DALSI Influenceur Nico-Tine
38%
Saison 4 Manequin Noémie Lenoir
38%
Saison 7 Animateur Olivier Minne
38%
Saison 13 Chanteuse Adeline Toniutti
36%
Saison 9 Acteur Anouar Toubali
36%
Saison 10 Acteur Azize Diabate
36%
Saison 1 Actrice Marthe Mercadier
36%
Saison 5 Acteur Miguel Angel Munoz
36%
Saison 7 Chanteur Florent Mothe
35%
Saison 11 Actrice Lucie Lucas
35%
Saison 12 Acteur Théo Fernandez
35%
Saison 4 Chanteur Damien Sargue
33%
Saison 10 Actrice Elsa Esnoult
33%
Saison 9 Humoriste Jeanfi Janssens
33%
Saison 8 Actrice Arielle Dombasle
32%
Saison 9 Chanteuse Lio
32%
Saison 8 Chanteur Sinclair
32%
Saison 6 Acteur Thierry Samitier
32%
Saison 6 Chanteur Vincent Niclo
32%
Saison 3 Mannequin Estelle Lefebure
30%
Saison 5 Chanteuse Joyce Jonathan
30%
Saison 2 Chanteuse Nadiya
30%
Saison 5 Chanteuse Ophélie Winter
30%
Saison 2 Chanteuse Sheila
30%
Saison 3 Chanteur Bastian Baker
29%
Saison 3 Chanteuse Chimène Badi
29%
Saison 5 Chanteuse Louisy Joseph
29%
Saison 5 Humoriste Anthony Kavanagh
27%
Saison 2 Tennisman Cédric Pioline
27%
Saison 3 Rugbyman Christophe Dominici
27%
Saison 5 Manequin Tonya Kinzinger
27%
Saison 2 Actrice Véronique Jannot
27%
Saison 5 Actrice Elisa Tovati
26%
Saison 4 Humoriste Titoff
26%
Saison 5 Chanteur Corneille
23%
Saison 2 Chanteur Francis Lalanne
23%
Saison 3 Acteur Gérard Vives
23%
Saison 11 Acteur/Chanteur Jean-Baptiste Maunier
23%
Aucun quiz correspondant
Distribution des résultats
% des personnes avec chaque résultat
Percentile par nombre de réponses
Votre historique - résultats
Vous n’avez pas pris ce quiz